التكتلات الاقتصادية ودورها في تطور التجارة البينية : (Record no. 5770)
[ view plain ]
| 000 -الفاتح | |
|---|---|
| حقل البيانات ثابتة الطول | 01074nac a22001811u 4500 |
| 008 - عناصر البيانات ثابتة الطول - معلومات عامة | |
| حقل البيانات ثابتة الطول | 101108s2005 xxu||||| |||| 00| 0 ara d |
| 020 ## - الرقم الدولى المعيارى للكتب | |
| الرقم الدولى المعيارى للكتاب | 9990109567 |
| 082 ## - رقم تصنيف ديوى العشرى | |
| رقم التصنيف | 382.095365 |
| رقم المادة | م ن ا |
| 100 1# - المدخل الرئيسى - إسم شخصى | |
| الإسم الشخصى | المناعي ، على عبد الله |
| 9 (RLIN) | 21050 |
| 245 ## - بيان العنوان | |
| العنوان | التكتلات الاقتصادية ودورها في تطور التجارة البينية : |
| بقية العنوان | تقييم تجارة مملكة البحرين البينية مع دول مجلس التعاون الخليجي / |
| بيان المسئوليه,etc | على عبد الله المناعي |
| 260 ## - PUBLICATION, DISTRIBUTION, ETC. (IMPRINT) | |
| مكان الناشر او الموزع | المنامة : |
| اسم الناشر او الموزع | مركز البحرين للدراسات والبحوث ،2005 |
| تاريخ النشر أو التوزيع | 2005. |
| 300 ## - الوصف المادى | |
| التعداد | 188ص : |
| تفاصيل ماديه اخرى للوعاء | ايض ؛ |
| أبعاد الوعاء | 24 سم. |
| 504 ## - تبصرة ببليوجرافية | |
| تبصرة ببليوجرافية,الخ | يشتمل على إرجاعات ببليوجرافية ص 181-188 |
| 511 ## - | |
| -- | Catalogued by: Sara |
| 651 ## - المدخل الاضافى بالموضوع - اسم جغرافى | |
| 9 (RLIN) | 21546 |
| الاسم الجغرافي | البحرين |
| التقسيم الفرعي العام | التجارة الخارجية |
| 942 ## - عناصر المدخل الإضافي( كوها) | |
| Koha [default] item type | Book - Borrowing |
| سابقة رقم الطلب | 382.095365م ن ا |
| مصدر التصنيف او مخطط الترفيف | Dewey Decimal Classification |
| حالة التراجع | حالة الفقد | مصدر التصنيف او خطة الترفيف | حالة تلف | ليس للاعارة | مجموعات كوها | المكان الدائم | المكان الحالي | موقع الترفيف | تاريخ الاكتساب | Source of acquisition | رقم الاستدعاء | الباركود | Date last seen | نوع الوعاء |
|---|---|---|---|---|---|---|---|---|---|---|---|---|---|---|
| Dewey Decimal Classification | Alef-Baa | Central Library | Central Library | First floor | 07/11/2005 | 382.095365 م ن ا | 000007419 | 15/07/2025 | Book - Borrowing |